200 Biggest Cities in Asia - Statistics

General Stats
  • This quiz has been taken 109 times
  • The average score is 101 of 200
Answer Stats
Country City % Correct
India Delhi
95%
Japan Tokyo
95%
Indonesia Jakarta
94%
India Mumbai
94%
South Korea Seoul
94%
Hong Kong Hong Kong
93%
China Shanghai
93%
Turkey Ankara
92%
Iraq Baghdad
92%
Bangladesh Dhaka
92%
Taiwan Taipei
92%
Iran Tehran
92%
China Beijing
91%
Pakistan Karachi
91%
Philippines Manila
91%
Thailand Bangkok
89%
Singapore Singapore
89%
China Guangzhou
88%
Japan Osaka
88%
Saudi Arabia Riyadh
88%
Vietnam Ho Chi Minh City
87%
India Kolkata
87%
Pakistan Lahore
87%
South Korea Busan
86%
Vietnam Hanoi
86%
China Wuhan
86%
India Bangalore
85%
China Chengdu
85%
India Chennai
85%
United Arab Emirates Dubai
85%
Afghanistan Kabul
85%
North Korea Pyongyang
85%
Myanmar Yangon
85%
Lebanon Beirut
84%
China Xi'an
84%
Azerbaijan Baku
82%
Japan Nagoya
82%
China Chongqing
81%
Syria Damascus
81%
Turkey Izmir
81%
Malaysia Kuala Lumpur
81%
Saudi Arabia Mecca
81%
Japan Sapporo
81%
China Tianjin
81%
China Harbin
80%
India | Pakistan Hyderabad
80%
Saudi Arabia Jeddah
79%
Indeonesia Surabaya
79%
India Jaipur
78%
China Shenzhen
78%
China Xiamen
78%
Jordan Amman
76%
China Hangzhou
76%
Uzbekistan Tashkent
76%
India Ahmedabad
75%
Kazakhstan Almaty
75%
China Nanjing
75%
Yemen Sanaa
75%
China Urumqi
75%
Bangladesh Chittagong
74%
China Kunming
74%
Cambodia Phnom Penh
74%
Armenia Yerevan
74%
Syria Aleppo
73%
Japan Fukuoka
73%
Nepal Kathmandu
73%
India Pune
73%
China Qingdao
73%
China Changsha
72%
Japan Hiroshima
72%
Japan Kyoto
72%
India Surat
71%
Iran Isfahan
69%
China Shenyang
68%
Indonesia Bandung
67%
Saudi Arabia Medina
67%
Turkey Bursa
66%
Iran Mashhad
66%
India Agra
65%
Pakistan Faisalabad
65%
India Lucknow
65%
Indonesia Medan
65%
Iraq Mosul
65%
Russia Novosibirsk
65%
South Korea Daegu
64%
China Hefei
64%
China Jinan
64%
India Nagpur
64%
China Zhengzhou
62%
India Indore
61%
China Dalian
60%
India Kanpur
60%
South Korea Incheon
59%
China Ningbo
59%
China Shantou
58%
China Yekaterinburg
58%
Japan Yokohama
58%
China Fuzhou
56%
India Patna
54%
Pakistan Rawalpindi
54%
Turkey Adana
53%
India Bhopal
53%
Philippines Davao
53%
Japan Kobe
53%
Myanmar Mandalay
53%
Iran Tabriz
53%
China Changchun
52%
Turkey Gaziantep
51%
Russia Omsk
51%
Iran Shiraz
51%
Taiwan Kaohsiung
49%
China Zibo
49%
Japan Sendai
48%
China Lanzhou
47%
Pakistan Peshawar
46%
Russia Chelyabinsk
45%
Philippines Quezon City
45%
China Taiyuan
45%
China Suzhou
44%
Indonesia Makassar
41%
Pakistan Multan
40%
Pakistan Gujranwala
39%
South Korea Gwangju
39%
Indonesia Semarang
39%
China Shijiazhuang
39%
India Varanasi
39%
China Wuxi
39%
India Amritsar
38%
South Korea Daejeon
38%
China Dongguan
38%
China Nanchang
38%
China Guiyang
36%
Indonesia Palembang
35%
India Rajkot
35%
China Foshan
34%
China Anshan
33%
India Visakhapatnam
33%
India Vadodara
32%
India Ludhiana
31%
India Allahabad
29%
China Tangshan
28%
China Jilin
27%
China Luoyang
27%
Japan Kawasaki
26%
India Meerut
26%
Japan Saitama
26%
India Nashik
25%
China Baotou
24%
Iraq Basrah
24%
Bangladesh Khulna
22%
China Handan
21%
Indonesia Batam
19%
Hong Kong Kowloon
19%
China Zhongshan
19%
China Datong
18%
Georgia Tblisi
18%
India Ghaziabad
16%
China Tai'an
16%
Russia Kazan
15%
China Nanchong
15%
Russia Samara
15%
South Korea Suwon
15%
Indonesia Tangerang
15%
Indonesia Bekasi
14%
India Navi Mumbai
14%
India Thane
13%
Indonesia Depok
12%
Iran Karaj
12%
India Faridabad
11%
China Fushun
7%
Indonesia South Tangerang
7%
Philippines Caloocan City
6%
China Ordos
6%
India Pimpri
6%
China Kunshan
5%
China Yueyang
5%
China Puyang
4%
China Gorakhpur
2%
India Kalyan
2%
India Tirunelveli
2%
China Xinyang
2%
China Bayan Nur
1%
India Dombivli
1%
Lebanon Ra's Bayrut
1%
China Shiyan
1%
China Xuchang
1%
Japan Yono
1%
Iraq Al Basrah al Qadimah
0%
Iraq Al Mawsil al Jadidah
0%
Philippines Budta
0%
China Dadonghai
0%
South Korea Goyang-si
0%
China Guankou
0%
Malaysia Kota Bharu
0%
China Lijiang
0%
Philippines Malingao
0%
China Tianshui
0%
China Tongshan
0%
China Yunfu
0%
No matching quizzes found
Score Distribution
Percent of People with Each Score
Percentile by Number Answered
Your Score History
You have not taken this quiz